[Event "Luzern ol (Men)"]
[Site "Luzern"]
[Date "1982.??.??"]
[Round "2"]
[White "Ye Jiangchuan"]
[Black "Mestel, A Jonathan"]
[Result "0-1"]
[WhiteElo "2385"]
[BlackElo "2540"]

1.e4 c5 2.Nf3 d6 3.d4 Nf6 4.Nc3 cxd4 5.Nxd4 g6 6.Be3 Bg7 7.f3 O-O 8.Qd2 Nc6
9.g4 Be6 10.O-O-O Ne5 11.Be2 Rc8 12.Kb1 Bc4 13.Nb3 Qc7 14.Bd4 Rfd8 15.Rhe1 b5
16.g5 Nh5 17.Nd5 Qd7 18.f4 Bxd5 19.exd5 Nc4 20.Qc1 Qh3 21.Bxh5 Qxh5 22.Bxg7 Kxg7
23.Rxe7 Re8 24.Rde1 Rxe7 25.Rxe7 Qxh2 26.a3 Kf8 27.Re1 Qf2 28.Rh1 Ne3 29.Nd4 Qxf4
30.Qd2 Rc4  0-1

[Event "Luzern ol (Men)"]
[Site "Luzern"]
[Date "1982.??.??"]
[Round "4"]
[White "Vilela, Jose Luis"]
[Black "Ye Jiangchuan"]
[Result "1/2-1/2"]
[WhiteElo "2455"]
[BlackElo "2385"]

1.d4 Nf6 2.c4 e6 3.Nf3 c5 4.d5 exd5 5.cxd5 d6 6.Nc3 g6 7.Bg5 Bg7 8.e3 h6
9.Bh4 g5 10.Bg3 Nh5 11.Bd3 Nxg3 12.hxg3 Nd7 13.Qc2 Qe7 14.Nd2 Ne5 15.Bf5 Bxf5
16.Qxf5 Qd7 17.Qxd7+ Kxd7 18.Ke2 f5 19.a4 Rhe8 20.Ra3 Rab8 21.Nd1 Re7 22.b3 Rf8
23.Ra2 Ng6 24.Rc2 f4 25.e4 Rfe8 26.Nc3 fxg3 27.fxg3 Rh8 28.Nd1 Bd4 29.Ne3  1/2-1/2

[Event "Luzern ol (Men)"]
[Site "Luzern"]
[Date "1982.??.??"]
[Round "5"]
[White "Ye Jiangchuan"]
[Black "Foisor, Ovidiu"]
[Result "1/2-1/2"]
[WhiteElo "2385"]
[BlackElo "2400"]

1.e4 c5 2.Nf3 e6 3.d4 cxd4 4.Nxd4 Nf6 5.Nc3 d6 6.Be3 a6 7.f4 Qc7 8.g4 b5
9.g5 b4 10.Ncb5 axb5 11.gxf6 gxf6 12.Qd2 Bd7 13.Nxb5 Qc6 14.Qxb4 Na6 15.Qd2 Nc5
16.Bxc5 Qxc5 17.c4 f5 18.exf5 Bxb5 19.cxb5 Qxf5 20.Bg2 Rc8 21.Rc1 Rc5 22.Rxc5 Qxc5
23.Qc3 Qxc3+ 24.bxc3 Bg7 25.Kd2 Kd7 26.a4 d5 27.c4 Ra8 28.cxd5 Rxa4 29.dxe6+ fxe6
30.Bc6+ Ke7 31.Rd1 Rd4+ 32.Kc2 Rxd1 33.Kxd1 Bh6 34.Be4 Bxf4 35.h3 h6 36.b6  1/2-1/2

[Event "Luzern ol (Men)"]
[Site "Luzern"]
[Date "1982.??.??"]
[Round "9"]
[White "Ye Jiangchuan"]
[Black "Cuartas, Carlos"]
[Result "1-0"]
[WhiteElo "2385"]
[BlackElo "2340"]

1.e4 e5 2.Nf3 Nc6 3.Bb5 f5 4.Nc3 Nd4 5.exf5 Nf6 6.Nxe5 Bc5 7.O-O O-O 8.Nf3 c6
9.Be2 d5 10.Nxd4 Bxd4 11.Bf3 Bxf5 12.Ne2 Bb6 13.Ng3 Be4 14.Be2 Qd6 15.d4 Rae8
16.c3 Bc7 17.f4 Qd7 18.Bd2 Bg6 19.f5 Bxg3 20.fxg6 Bb8 21.gxh7+ Nxh7 22.Bd3 Rxf1+
23.Qxf1 Nf6 24.Bf4 Bxf4 25.Qxf4 Qe7 26.Rf1 Qe3+ 27.Qxe3 Rxe3 28.Rd1 Kf7 29.h3 b6
30.Kf2 Re7 31.Re1 Rxe1 32.Kxe1 c5 33.h4 Ke6 34.Kf2 a5 35.Kf3 c4 36.Bc2 b5
37.a3 Ng8 38.Kf4 Ne7 39.g4 b4 40.Bf5+ Kd6 41.h5 Nc6 42.g5 Ke7 43.h6 gxh6
44.gxh6 Kf6 45.h7 Kg7 46.Be6 Ne7 47.Ke5 Ng6+ 48.Kxd5 Nf4+ 49.Ke5 Nd3+ 50.Kf5 Nxb2
51.d5 Na4 52.d6 Nb6 53.cxb4 axb4 54.axb4 Kxh7 55.d7  1-0

[Event "Luzern ol (Men)"]
[Site "Luzern"]
[Date "1982.??.??"]
[Round "10"]
[White "Ye Jiangchuan"]
[Black "Aldrete, Jorge"]
[Result "1-0"]
[WhiteElo "2385"]
[BlackElo "2410"]

1.e4 c5 2.Nf3 Nc6 3.d4 cxd4 4.Nxd4 e5 5.Nb5 a6 6.Nd6+ Bxd6 7.Qxd6 Qf6 8.Qd1 Qg6
9.Nc3 d5 10.Nxd5 Qxe4+ 11.Be3 Nd4 12.Nc7+ Ke7 13.Rc1 Bg4 14.Qd3 Qxd3 15.Bxd3 Rd8
16.h3 Bc8 17.f4 exf4 18.Bxf4 Ne6 19.Nxe6 Bxe6 20.a4 Nf6 21.O-O h6 22.a5 Rd5
23.Bd2 Rc8 24.Bb4+ Ke8 25.Rce1 Kd7 26.Rd1 Ke8 27.Rd2 Kd7 28.c4 Rg5 29.h4 Rg3
30.Bc2+ Kc6 31.Rxf6 Rg4 32.Ba4+ b5 33.axb6 Kxb6 34.Rd6+ Kb7 35.Rfxe6 fxe6
36.b3 Rc7 37.Ba5 Rf7 38.Bc6+  1-0

[Event "Luzern ol (Men)"]
[Site "Luzern"]
[Date "1982.??.??"]
[Round "11"]
[White "Ye Jiangchuan"]
[Black "Milos, Gilberto"]
[Result "1-0"]
[WhiteElo "2385"]
[BlackElo "2395"]

1.e4 c5 2.Nf3 Nc6 3.d4 cxd4 4.Nxd4 Nf6 5.Nc3 d6 6.Bg5 e6 7.Qd2 Be7 8.O-O-O O-O
9.f4 h6 10.Bh4 Bd7 11.Nf3 Qa5 12.Qe1 Rfd8 13.Kb1 Rac8 14.Bd3 Nb4 15.a3 Nxd3
16.Rxd3 Qc5 17.g4 d5 18.exd5 Bb5 19.Rd2 Bc4 20.dxe6 fxe6 21.Ne5 Rxd2 22.Qxd2 Qb6
23.Bf2 Qa5 24.Qe3 Bd5 25.Rd1 Bc5 26.Qe2 Bxf2 27.Nxd5 Nxd5 28.Qxf2 Qa4 29.Rd4 Rxc2
30.Rxa4 Rxf2 31.Rxa7 Rxf4 32.Rxb7 Re4 33.Ng6 Kh7 34.Ne7 Nf6 35.h3 Re3 36.a4 Rxh3
37.a5 Rd3 38.a6 Rd6 39.a7 Ra6 40.Nc6 Nd5 41.Rb8  1-0

[Event "Luzern ol (Men)"]
[Site "Luzern"]
[Date "1982.??.??"]
[Round "12"]
[White "Kaenel, Hansjuerg"]
[Black "Ye Jiangchuan"]
[Result "0-1"]
[WhiteElo "2200"]
[BlackElo "2385"]

1.Nf3 Nf6 2.e3 c5 3.b3 g6 4.Bb2 Bg7 5.c4 O-O 6.Be2 Nc6 7.O-O d5 8.cxd5 Qxd5
9.Nc3 Qf5 10.Rc1 Rd8 11.Na4 b6 12.d4 Bb7 13.a3 cxd4 14.exd4 Nd5 15.Bd3 Qh5
16.Be4 Qg4 17.Bxd5 Rxd5 18.h3 Qh5 19.Nc3 Rdd8 20.Ne2 Rac8 21.b4 a5 22.bxa5 Nxa5
23.Rxc8 Rxc8 24.Ne1 Qb5 25.Nd3 Ba6 26.Nec1 Nc4 27.a4 Qg5 28.Ba1 h5 29.Qf3 Nd2
30.Qe2 Nxf1 31.Qxf1 Qd2  0-1

[Event "Luzern ol (Men)"]
[Site "Luzern"]
[Date "1982.??.??"]
[Round "13"]
[White "Ye Jiangchuan"]
[Black "Guerra, Jose Luis"]
[Result "1-0"]
[WhiteElo "2385"]
[BlackElo "2245"]

1.e4 c5 2.Nf3 d6 3.d4 cxd4 4.Nxd4 Nf6 5.Nc3 a6 6.Be3 Nbd7 7.Bd3 e6 8.f4 b5
9.a3 Bb7 10.O-O Rc8 11.Qe2 h6 12.Rae1 e5 13.Nb3 Be7 14.Qf3 O-O 15.Kh1 Re8
16.fxe5 dxe5 17.Qg3 Kh8 18.Rd1 Qc7 19.Qh3 Nf8 20.Nd5 Bxd5 21.exd5 e4 22.Be2 N8h7
23.Nd4 Rcd8 24.Nf5 Bf8 25.d6 Qxc2 26.Rd2 Qb3 27.Rfd1 Rd7 28.Nd4 Qa4 29.Nc6 Re6
30.Qg3 a5 31.Ne5 Rxe5 32.Qxe5 Qb3 33.Qc3  1-0

[Event "WchT U26"]
[Site "Chicago"]
[Date "1983.??.??"]
[Round "?"]
[White "Ye Jiangchuan"]
[Black "Resende, Antonio Carlos"]
[Result "1-0"]
[WhiteElo "2425"]
[BlackElo "2325"]

1.e4 g6 2.d4 Bg7 3.Nc3 c6 4.f4 d5 5.e5 h5 6.Nf3 Bg4 7.Be2 e6 8.Be3 Nh6 9.O-O Nf5
10.Bf2 Bf8 11.Nd2 Bxe2 12.Qxe2 Qb6 13.Nb3 Qa6 14.Qf3 Nd7 15.Rfd1 Nb6 16.a4 Nc4
17.Rab1 b6 18.Nc1 Bb4 19.N1e2 Qb7 20.b3 Na5 21.Na2 Be7 22.Rdc1 O-O 23.Rd1 Rac8
24.Nac1 Rfe8 25.c4 Qa6 26.c5 bxc5 27.dxc5 Rb8 28.Qc3 Rec8 29.Nd3 Nb7 30.Nd4 Nxd4
31.Bxd4 Qa5 32.Qc2 Qc7 33.b4 a6 34.Rdc1 Qd7 35.g3 Ra8 36.Kg2 Bf8 37.h3 Nd8
38.g4 hxg4 39.hxg4 Rcb8 40.a5 Rb5 41.Rh1 Rab8 42.Kf3 Bg7 43.Rb2 Nb7 44.Rh3 Qd8
45.Qd2 Qd7 46.Qh2 Nxa5 47.Rb1 Kf8 48.Rh7 Nc4 49.Rh1  1-0

[Event "Jakarta zt"]
[Site "Jakarta"]
[Date "1987.??.??"]
[Round "?"]
[White "Xu Jun"]
[Black "Ye Jiangchuan"]
[Result "1/2-1/2"]
[WhiteElo "2495"]
[BlackElo "2480"]

1.d4 Nf6 2.c4 g6 3.Nc3 Bg7 4.Nf3 O-O 5.Bf4 d6 6.e3 Nbd7 7.Be2 c6 8.h3 a6
9.a4 a5 10.O-O Nb8 11.e4 Nfd7 12.Qd2 Na6 13.Bh6 e5 14.Rad1 Qe7 15.Bxg7 Kxg7  1/2-1/2

[Event "Jakarta zt"]
[Site "Jakarta"]
[Date "1987.??.??"]
[Round "?"]
[White "Sitanggang, Salor"]
[Black "Ye Jiangchuan"]
[Result "0-1"]
[WhiteElo "2410"]
[BlackElo "2480"]

1.c4 Nf6 2.Nc3 g6 3.g3 Bg7 4.Bg2 O-O 5.e3 d6 6.Nge2 c6 7.O-O Be6 8.d3 Qc8
9.Re1 Bh3 10.Bh1 e5 11.b4 a6 12.a4 Rd8 13.Bd2 Nbd7 14.Rb1 h5 15.Qc2 h4 16.b5 Bh6
17.bxc6 bxc6 18.e4 Bxd2 19.Qxd2 hxg3 20.hxg3 Kg7 21.Nd1 Rh8 22.f3 Qg8 23.Nf2 Be6
24.Bg2 Qh7 25.Qe3 d5 26.cxd5 cxd5 27.Rec1 Qh2+ 28.Kf1 d4 29.Qd2 Nh5 30.g4 Ng3+
31.Nxg3 Qxg3 32.Nh1 Qh4 33.Nf2 Qg3 34.Nh1 Qh2 35.Nf2 Rh7 36.Rc6 Rah8 37.Rxe6 Qg3
38.Re7 Rh2 39.Nh3 R8xh3 40.Qf2 Rh1+  0-1

[Event "Jakarta zt"]
[Site "Jakarta"]
[Date "1987.??.??"]
[Round "?"]
[White "Ye Jiangchuan"]
[Black "Stuart, Peter"]
[Result "1-0"]
[WhiteElo "2480"]
[BlackElo "2225"]

1.e4 c5 2.Nf3 a6 3.c3 b5 4.d4 Bb7 5.Bd3 cxd4 6.cxd4 g6 7.O-O Bg7 8.Nbd2 Nf6
9.Re1 O-O 10.Nb3 d6 11.Bd2 a5 12.a4 b4 13.h3 Nbd7 14.Bf4 Qb6 15.Nfd2 Rfc8
16.Qe2 d5 17.e5 Nh5 18.Be3 Bh8 19.g4 Ng7 20.f4 f6 21.Nf3 f5 22.Kh2 h5 23.gxh5 Nxh5
24.Rg1 Ba6 25.Nh4 Nf8 26.Bxa6 Qxa6 27.Qxh5 Kf7 28.Nxg6  1-0

[Event "Jakarta zt"]
[Site "Jakarta"]
[Date "1987.??.??"]
[Round "?"]
[White "Ye Jiangchuan"]
[Black "Mascarinas, Rico"]
[Result "1/2-1/2"]
[WhiteElo "2480"]
[BlackElo "2425"]

1.e4 c5 2.Nf3 d6 3.d4 cxd4 4.Nxd4 Nf6 5.Nc3 e6 6.g4 h6 7.h4 a6 8.Bg2 Nc6
9.g5 hxg5 10.hxg5 Rxh1+ 11.Bxh1 Nd7 12.f4 Nxd4 13.Qxd4 Qb6 14.Qxb6 Nxb6 15.b3 g6
16.Be3 Bg7 17.Kd2 Nd7 18.a4 Nb8 19.Rd1 Nc6 20.Bb6 Bd7 21.Ne2 Rc8 22.c4 e5
23.Ke3 exf4+ 24.Nxf4 Be5 25.Bf3 Nb4 26.Rd2 Be6 27.Ba5 Nc6 28.Bb6 Nb4 29.Nxe6 fxe6
30.Rd1  1/2-1/2

[Event "Jakarta zt"]
[Site "Jakarta"]
[Date "1987.??.??"]
[Round "?"]
[White "Ye Jiangchuan"]
[Black "Li Zunian"]
[Result "1-0"]
[WhiteElo "2480"]
[BlackElo "2450"]

1.e4 c5 2.f4 Nc6 3.Nc3 e6 4.Nf3 Nge7 5.d4 cxd4 6.Nxd4 Nxd4 7.Qxd4 Nc6 8.Qf2 d5
9.Bd3 d4 10.Ne2 Bb4+ 11.Kf1 O-O 12.a3 Bc5 13.g4 f5 14.gxf5 exf5 15.e5 Bb6
16.b4 a6 17.Bb2 Be6 18.Rg1 Qd7 19.h3 Bd5 20.Rd1 Rad8 21.Rg3 Kh8 22.Kg1 Be4
23.Kh2 Ba7 24.Rdg1 Rf7 25.Rg5 Qe7 26.Rh5 h6 27.Rg6 Kh7 28.Qg3 Bb8 29.Bc1 Bxd3
30.cxd3 Rc8 31.Bd2 Kh8 32.Qg2 Rd8 33.Be1 Nxe5 34.fxe5 Qxe5+ 35.Bg3 Qe3 36.Bxb8 Rxb8
37.Rg3 Qe5 38.Qf2 Rc8 39.Nxd4 Rd7 40.Rh4 Rf7 41.Nf3 Qa1 42.Qd4 Rc2+ 43.Rg2 Rxg2+
44.Kxg2 Qa2+ 45.Kg3 Rf6 46.Qd8+  1-0

[Event "PRC-ch"]
[Site "?"]
[Date "1987.??.??"]
[Round "?"]
[White "Ma Hongding"]
[Black "Ye Jiangchuan"]
[Result "1/2-1/2"]
[WhiteElo "2250"]
[BlackElo "2500"]

1.e4 c5 2.Nf3 e6 3.d4 cxd4 4.Nxd4 Nf6 5.Nc3 d6 6.Be3 a6 7.a4 Nc6 8.g3 Be7
9.Bg2 O-O 10.O-O Qc7 11.f4 Rd8 12.Nb3 d5 13.e5 d4 14.exf6 Bxf6 15.Ne4 dxe3
16.Nxf6+ gxf6 17.Qg4+ Kf8 18.Qe2 Qb6 19.a5 Qa7  1/2-1/2

[Event "PRC-ch"]
[Site "?"]
[Date "1987.??.??"]
[Round "?"]
[White "Ye Rongguang"]
[Black "Ye Jiangchuan"]
[Result "1/2-1/2"]
[WhiteElo "2370"]
[BlackElo "2500"]

1.c4 g6 2.Nc3 Bg7 3.g3 Nf6 4.Bg2 O-O 5.e4 c5 6.Nge2 Nc6 7.O-O d6 8.a3 a5
9.Rb1 Ne8 10.d3 Bg4 11.f3 Bd7 12.Be3 Nd4 13.b4 axb4 14.axb4 b6  1/2-1/2

[Event "PRC-ch"]
[Site "?"]
[Date "1987.??.??"]
[Round "?"]
[White "Chen De"]
[Black "Ye Jiangchuan"]
[Result "1-0"]
[WhiteElo "2345"]
[BlackElo "2500"]

1.d4 Nf6 2.c4 g6 3.Nc3 Bg7 4.e4 d6 5.Nf3 O-O 6.h3 e5 7.dxe5 dxe5 8.Qxd8 Rxd8
9.Bg5 c6 10.Nxe5 Re8 11.O-O-O Na6 12.Nf3 Nc5 13.e5 Nfd7 14.Be3 b6 15.b4 Nxe5
16.Nxe5 Bxe5 17.Bd4 Bxd4 18.Rxd4 Ne6 19.Rd2 c5 20.Ne4 Kg7 21.bxc5 bxc5 22.Nd6 Rd8
23.Be2 Ba6 24.Rhd1 Nd4 25.Nb5 Bxb5 26.cxb5 Re8 27.Bc4 Rab8 28.Rb2 f5 29.a4 Kf6
30.Kd2 Rbd8 31.Kc3 Nxb5+ 32.Bxb5  1-0

[Event "PRC-ch"]
[Site "?"]
[Date "1987.??.??"]
[Round "?"]
[White "Ye Jiangchuan"]
[Black "Xu Jun"]
[Result "1-0"]
[WhiteElo "2500"]
[BlackElo "2505"]

1.e4 c5 2.Nf3 d6 3.d4 cxd4 4.Nxd4 Nf6 5.Nc3 a6 6.Be3 e6 7.Qd2 b5 8.f3 Bb7
9.g4 h6 10.O-O-O Nbd7 11.Bd3 Ne5 12.Rhe1 Rc8 13.Kb1 b4 14.Na4 Qa5 15.b3 Nfd7
16.h4 Nc5 17.Nb2 Ncxd3 18.cxd3 Be7 19.g5 d5 20.gxh6 gxh6 21.exd5 Qxd5 22.Nc4 Rd8
23.Qh2 Bf6 24.Bf2 Nxc4 25.dxc4 Qd6 26.Bg3 Qe7 27.Be5 Rg8 28.Nf5 Qc5 29.Rxd8+ Bxd8
30.Nd6+ Ke7 31.Nxb7 Qc6 32.Nxd8 Qxf3 33.Bc7 Ke8 34.Qd6 Qf5+ 35.Ka1 Rg4 36.Nc6 Qf6+
37.Ne5  1-0

[Event "PRC-ch"]
[Site "?"]
[Date "1987.??.??"]
[Round "?"]
[White "Ye Jiangchuan"]
[Black "Qi Jingxuan"]
[Result "1-0"]
[WhiteElo "2500"]
[BlackElo "2440"]

1.e4 c5 2.Nf3 e6 3.d4 cxd4 4.Nxd4 a6 5.Bd3 Nf6 6.O-O Qc7 7.Qe2 d6 8.c4 Be7
9.Kh1 O-O 10.f4 Nfd7 11.Nc3 Bf6 12.Nf3 Nc6 13.Bd2 Nb4 14.Bb1 Nc6 15.Bc2 Re8
16.Rae1 Nd4 17.Nxd4 Bxd4 18.e5 Nf8 19.Ne4 dxe5 20.fxe5 Bxe5 21.Ng5 f6 22.Nxh7 Bd7
23.Nxf8 Kxf8 24.Qxe5  1-0

[Event "PRC-ch"]
[Site "?"]
[Date "1987.??.??"]
[Round "?"]
[White "Ye Jiangchuan"]
[Black "Liu Wenzhe"]
[Result "1-0"]
[WhiteElo "2500"]
[BlackElo "2400"]

1.e4 c5 2.Nf3 Nc6 3.Bb5 g6 4.O-O Bg7 5.c3 e5 6.d4 cxd4 7.cxd4 exd4 8.Bf4 Nge7
9.Bd6 Qb6 10.Na3 a6 11.Ba4 Na5 12.e5 Nf5 13.b4 Nc6 14.Nc4 Qd8 15.Bxc6 dxc6
16.Nxd4 Qh4 17.f4 Be6 18.Nxf5 gxf5 19.Na5 Bh6 20.Qd4 Rg8 21.Rf2 Bd5 22.g3 Rxg3+
23.Kf1 Qh3+ 24.Ke2 Qg4+ 25.Kd2 Rg2 26.Kc3 Be4 27.Kb3 Bxf4 28.Ka3 Qh3+ 29.Nb3 a5  1-0

[Event "PRC-chT"]
[Site "?"]
[Date "1987.??.??"]
[Round "?"]
[White "Wu Xibin"]
[Black "Ye Jiangchuan"]
[Result "1/2-1/2"]
[WhiteElo "2400"]
[BlackElo "2505"]

1.e4 c5 2.Nf3 e6 3.d4 cxd4 4.Nxd4 Nf6 5.Nc3 d6 6.Bc4 a6 7.Bb3 b5 8.f4 Bb7
9.O-O Be7 10.f5 e5 11.Nde2 Nbd7 12.Bg5 Rc8 13.Bxf6 Nxf6 14.Qd3 O-O 15.Nd5 Bxd5
16.Bxd5 Nxd5 17.exd5 Qc7 18.c3 Qc5+ 19.Kh1 Qc4 20.Rfd1 Qxd3 21.Rxd3 Bh4  1/2-1/2

[Event "PRC-chT"]
[Site "?"]
[Date "1987.??.??"]
[Round "?"]
[White "Ye Jiangchuan"]
[Black "Yang Xian"]
[Result "1-0"]
[WhiteElo "2505"]
[BlackElo "2305"]

1.c4 c5 2.Nc3 Nc6 3.g3 g6 4.Bg2 Bg7 5.Nf3 d6 6.O-O Bd7 7.a3 Nf6 8.Rb1 a5
9.d3 O-O 10.Bd2 Rb8 11.Nb5 Ne8 12.Bc3 Nc7 13.Bxg7 Kxg7 14.d4 cxd4 15.Nfxd4 Ne5
16.Qd2 Nxb5 17.cxb5 Qb6 18.a4 Rfc8 19.b3 Ng4 20.h3 e5 21.hxg4 exd4 22.Bf3 Be6
23.Rfd1 Rc3 24.b4 Bb3 25.bxa5 Qc7 26.Qxd4+ Kg8 27.Rd3 Rxd3 28.exd3 Qc2 29.Ra1 Qd2
30.a6 bxa6 31.bxa6 d5 32.a7  1-0

[Event "PRC-chT"]
[Site "?"]
[Date "1987.??.??"]
[Round "?"]
[White "Ye Jiangchuan"]
[Black "Ma Hongding"]
[Result "0-1"]
[WhiteElo "2505"]
[BlackElo "2280"]

1.e4 c5 2.Nf3 Nc6 3.d4 cxd4 4.Nxd4 Nf6 5.Nc3 d6 6.Bg5 e6 7.Qd2 Be7 8.O-O-O O-O
9.Nb3 d5 10.Bxf6 Bxf6 11.exd5 exd5 12.Nxd5 Be6 13.Bc4 Bg5 14.f4 Ne5 15.Qd4 Nxc4
16.Qxc4 Rc8 17.Qe4 Bxd5 18.Rxd5 Bxf4+ 19.Kb1 Qc7 20.g3 Bh6 21.Rhd1 g6 22.c3 Rfd8
23.Nc5 Rxd5 24.Rxd5 Qb6 25.a3 Bg7 26.Ka2 Rxc5 27.Rd7 Qe6+ 28.Qxe6 fxe6 29.Rxb7 a5
30.b4 Rxc3 31.bxa5 Bf8 32.Rb3 Rc5  0-1

[Event "PRC-chT"]
[Site "?"]
[Date "1987.??.??"]
[Round "?"]
[White "Ye Jiangchuan"]
[Black "Li Zunian"]
[Result "1/2-1/2"]
[WhiteElo "2505"]
[BlackElo "2450"]

1.e4 e6 2.d3 d5 3.Nd2 c5 4.Ngf3 Nc6 5.g3 Nf6 6.Bg2 Be7 7.O-O b5 8.Re1 O-O
9.e5 Nd7 10.Nf1 b4 11.h4 a5 12.Bf4 a4 13.a3 bxa3 14.bxa3 Rb8 15.Ng5 h6 16.Nf3 Nd4
17.N1h2 Nf5 18.h5 Ba6 19.g4 Nh4 20.Nxh4 Bxh4 21.Nf3 Be7 22.Qc1 c4 23.d4 c3
24.Qe3 Rb2 25.Qxc3 Qb8 26.Bc1 Rb6 27.g5 Rc8 28.Qd2 hxg5 29.Nxg5 Qc7 30.Qf4 Bxg5
31.Qxg5 Qxc2 32.Be3 Qh7 33.Rac1 Bc4 34.h6 Nf8 35.hxg7 Qxg7 36.Qh4 Ng6 37.Qg4 Ne7
38.Bg5 Rb3 39.Kh2 Rxa3 40.Bh3 Ng6 41.Rh1 Rb8 42.Bg2 Rab3 43.f3 Nf8 44.Kg3 Bd3
45.Rh8+ Qxh8 46.Bf6+ Ng6 47.Bxh8 Kxh8  1/2-1/2

[Event "PRC-chT"]
[Site "?"]
[Date "1987.??.??"]
[Round "?"]
[White "Liang Jinrong"]
[Black "Ye Jiangchuan"]
[Result "1-0"]
[WhiteElo "2405"]
[BlackElo "2505"]

1.e4 d6 2.d4 Nf6 3.Nc3 g6 4.Be2 Bg7 5.Be3 O-O 6.f4 c5 7.dxc5 Qa5 8.Bf3 dxc5
9.e5 Rd8 10.Bd2 Ne8 11.Nd5 Qb5 12.Nxe7+ Kh8 13.Nxc8 Rxc8 14.c4 Qa6 15.Qb3 Nc6
16.Ne2 Nc7 17.O-O Rab8 18.Bxc6 bxc6 19.Qc2 Ne6 20.Be3 Rd8 21.b3 Nd4 22.Bxd4 cxd4
23.Nc1 Qc8 24.Nd3 a5 25.Qd2 Qf5 26.Rad1 Ra8 27.Qe2 Qe6 28.Qf3 f5 29.exf6 Qxf6
30.Rfe1 Re8 31.Re4 Rxe4 32.Qxe4 g5 33.Re1 Rf8 34.Qe6 Qd8 35.Ne5 Qc7 36.fxg5 d3
37.Nxd3 Qd8 38.Qe4 Bc3 39.Rd1 Qxg5 40.Rf1 Rd8 41.Nf4 Qc5+ 42.Kh1 Qf2 43.Qb1 Qe3
44.Qf5 Re8 45.Nh5 Qe7 46.Qf3 Be5 47.Qxc6 Rg8 48.Qf3 Qg5 49.g3 Qh6 50.Kg2 Bd4
51.Qe4 Bc3 52.Nf4 Rf8 53.Rd1 Bg7 54.c5 Qf6 55.Rd2 Rc8 56.Rc2 Qf8 57.Ne6 Qe7
58.c6 Bf6  1-0

[Event "GMA-Open"]
[Site "Belgrade"]
[Date "1988.??.??"]
[Round "?"]
[White "Ye Jiangchuan"]
[Black "Blagojevic, Dragisa"]
[Result "1-0"]
[WhiteElo "2505"]
[BlackElo "2445"]

1.e4 e5 2.Nf3 Nc6 3.Bb5 a6 4.Ba4 Nf6 5.O-O Be7 6.Re1 b5 7.Bb3 O-O 8.d3 d6
9.c3 Na5 10.Bc2 c5 11.Nbd2 Re8 12.Nf1 Nc6 13.h3 h6 14.d4 Bf8 15.Ng3 cxd4
16.cxd4 Bd7 17.b3 exd4 18.Bb2 Nb4 19.Nxd4 Nxc2 20.Qxc2 Rc8 21.Qd2 Rc5 22.Rad1 Qc7
23.Re2 Bc8 24.Rde1 Nh5 25.Ngf5 Rce5 26.f4 Rc5 27.g4 Nf6 28.Nf3 Bxf5 29.gxf5 Nh5
30.Rg2 f6 31.Nd4 d5 32.e5 fxe5 33.fxe5 Rxe5 34.Ne6 Rxe1+ 35.Qxe1 Qf7 36.Ba3 Rc8
37.Bxf8 Rxf8 38.Nxf8 Kxf8 39.Qe5 Nf6 40.Qb8+ Qe8 41.Qxe8+ Nxe8 42.Rd2 Nf6
43.Rc2 Ne4 44.Rc6 a5 45.Ra6 d4 46.Rxa5 d3 47.Kf1 Kf7 48.Rxb5 Nc3 49.Rb7+ Kf6
50.Ke1 Nxa2 51.Kd2 Kxf5 52.Rf7+ Kg6 53.Rf4  1-0

[Event "GMA-Open"]
[Site "Belgrade"]
[Date "1988.??.??"]
[Round "?"]
[White "Ye Jiangchuan"]
[Black "Gruen, Peter"]
[Result "1-0"]
[WhiteElo "2505"]
[BlackElo "2380"]

1.e4 e5 2.Nf3 Nc6 3.Bb5 Nf6 4.O-O Bc5 5.c3 O-O 6.d4 Bb6 7.Bg5 h6 8.Bh4 d6
9.a4 a5 10.Re1 Bg4 11.Bxc6 bxc6 12.dxe5 dxe5 13.Qxd8 Raxd8 14.Nxe5 g5 15.Bg3 Nxe4
16.Nxg4 f5 17.Na3 Nxg3 18.Nxh6+ Kg7 19.hxg3 Rd2 20.Rf1 Kxh6 21.Nc4 Rc2 22.Rae1 Kg7
23.Re6 Rf6 24.Re5 g4 25.Ne3 Rxb2 26.Nxf5+ Kg6 27.Ne3 Bxe3 28.Rxe3 Kg5 29.Re4 Rf5
30.Rc4 c5 31.f3 gxf3 32.gxf3 Rd5 33.Rf2 Rb1+ 34.Kg2 Kf5 35.Re2 Kf6 36.Rf4+ Kg5
37.Rfe4  1-0

[Event "GMA-Open"]
[Site "Belgrade"]
[Date "1988.??.??"]
[Round "?"]
[White "Ye Jiangchuan"]
[Black "Marinkovic, Ivan"]
[Result "1/2-1/2"]
[WhiteElo "2505"]
[BlackElo "2420"]

1.e4 Nf6 2.e5 Nd5 3.d4 d6 4.Nf3 g6 5.Bc4 Nb6 6.Bb3 Bg7 7.a4 d5 8.a5 Nc4 9.Nbd2 Nxd2
10.Bxd2 O-O 11.O-O Bg4 12.h3 Bxf3 13.Qxf3 e6 14.Bb4 Re8 15.Ba4 c6 16.c3 b5
17.Bc2 f6 18.Qe2 Nd7 19.Bd6 Bf8 20.Bxf8 Rxf8 21.f4 f5 22.b4 a6 23.Rf3 Qh4
24.Kh2 Kf7 25.g3 Qh6 26.Kg2 Ke7 27.Qf2 Rf7 28.g4 Raf8 29.g5 Qg7 30.h4 Rg8
31.Rh1 Kd8 32.Bd1 Nf8 33.Rfh3 Rc7 34.Kf1 Qf7 35.Ke1 Rg7 36.R1h2 Rd7 37.Kd2 Kc7
38.Be2 Kb7 39.Ke3 Rc7 40.Qe1 Qe7 41.Qd1 Rc8 42.Kd2 Rc7 43.Qf1 Rc8 44.h5 Rc7
45.Qf2 Rd7 46.Rh4 Rc7 47.R2h3 Rd7 48.Qh2 Kc7 49.hxg6 hxg6 50.Rh8 Qf7 51.R3h6 Rd8
52.Kc2 Nd7 53.Qh3 Rxh8 54.Rxh8 Nf8 55.Qh1 Qe7 56.Qh6 Qf7 57.Kd2 Rg8 58.Ke3 Rxh8
59.Qxh8 Kd7 60.Kf2 Ke8  1/2-1/2

[Event "GMA-Open"]
[Site "Belgrade"]
[Date "1988.??.??"]
[Round "?"]
[White "Zelcic, Robert"]
[Black "Ye Jiangchuan"]
[Result "0-1"]
[WhiteElo "2375"]
[BlackElo "2505"]

1.e4 c5 2.Nf3 e6 3.d4 cxd4 4.Nxd4 Nf6 5.Nc3 d6 6.Be2 Be7 7.O-O O-O 8.Kh1 a6
9.f4 Qc7 10.Be3 Nc6 11.Qe1 Bd7 12.a4 Nxd4 13.Bxd4 Bc6 14.Qg3 b6 15.Rae1 Qb7
16.Bd3 b5 17.axb5 axb5 18.e5 dxe5 19.Bxe5 g6 20.Qh3 b4 21.Nd1 b3 22.cxb3 Rad8
23.Nf2 Nd7 24.Bc3 Bf6 25.b4 Bg7 26.Be4 Nf6 27.Bxc6 Qxc6 28.Rd1 Nd5 29.Be5 Qb5
30.Ne4 h6 31.Qh4 f6 32.Bd4 Qxb4 33.Nc5 Nc7 34.Qf2 Rd5 35.Be3 Rfd8 36.Rxd5 Rxd5
37.Qc2 Kh7 38.Ne4 Ne8 39.Bd2 Qb5 40.Re1 f5 41.Nc3 Qc4 42.h3 Nd6 43.Rc1 Rd3
44.Be1 Qxf4 45.Ne2 Qe4 46.Bg3 e5 47.Nc3 Qc4 48.b3 Qa6 49.Qe2 e4 50.Na4 Qa5
51.Be1 Qb5 52.Qc2 Rxb3 53.Qc7 Ne8 54.Qe7 Qf1+ 55.Kh2 Qf4+  0-1

[Event "GMA-Open"]
[Site "Belgrade"]
[Date "1988.??.??"]
[Round "?"]
[White "Popa, Valentin"]
[Black "Ye Jiangchuan"]
[Result "1-0"]
[WhiteElo "2375"]
[BlackElo "2505"]

1.e4 c5 2.Nf3 Nc6 3.Bb5 g6 4.Bxc6 bxc6 5.O-O Bg7 6.Re1 Nf6 7.e5 Nd5 8.c4 Nc7
9.d4 cxd4 10.Qxd4 d5 11.Qh4 h6 12.Nc3 e6 13.Qg3 Na6 14.Bf4 Bd7 15.Rad1 Qb6
16.Rd2 Nc5 17.Be3 Qb4 18.Qh4 Nb7 19.Red1 g5 20.Qg3 Na5 21.cxd5 cxd5 22.Bd4 Nc6
23.Nxd5 exd5 24.e6 fxe6 25.Bxg7 Rh7 26.Bd4 Qf8 27.Ne5 Qf4 28.Qd3 Qf5 29.Nxd7 Rxd7
30.Qxf5 exf5 31.Bc3 Rad8 32.Bf6 Rc8 33.h4 Kf7 34.hxg5 hxg5 35.Bxg5 d4 36.b3 Ke6
37.Bf4 Kd5 38.f3 a5 39.Rc1 Ra8 40.Rdc2 Nb4 41.Rd2 a4 42.a3 Nc6 43.b4 Na7
44.Re2  1-0

[Event "Thessaloniki ol (Men)"]
[Site "Thessaloniki"]
[Date "1988.??.??"]
[Round "2"]
[White "Ye Jiangchuan"]
[Black "Christiansen, Larry Mark"]
[Result "1-0"]
[WhiteElo "2505"]
[BlackElo "2550"]

1.e4 e5 2.Nf3 Nc6 3.Bb5 Nf6 4.O-O Nxe4 5.d4 Nd6 6.Bxc6 dxc6 7.dxe5 Ne4 8.Qe2 Bf5
9.Be3 Be7 10.Nd4 Qc8 11.f3 Nc5 12.Qf2 Na4 13.b3 Nb6 14.c4 O-O 15.Nc3 Bg6
16.Rad1 Re8 17.f4 f5 18.Nce2 c5 19.Nb5 Nd7 20.Rd2 a6 21.Nbc3 b6 22.Qf3 c6
23.g4 Nf8 24.gxf5 Bxf5 25.Ng3 Bh3 26.Rff2 Ng6 27.Qe4 Bf8 28.Nce2 Ra7 29.Kh1 Rf7
30.Ng1 Bf5 31.Nxf5 Rxf5 32.Ne2 Rf7 33.Ng3 b5 34.Rd3 Qe6 35.Rf1 bxc4 36.bxc4 Qh3
37.Rf2 Rb8 38.Rd1 Nh4 39.f5 Rfb7 40.Bg5 Rb2 41.Rfd2 Rxd2 42.Rxd2 Nxf5 43.Qxf5 Qxf5
44.Nxf5 Kf7 45.Bf4 Ke6 46.Nd6 Be7 47.Kg2 g5 48.Bg3 h5 49.h3 Rb1 50.Ne8 h4
51.Bh2 g4 52.hxg4 Rc1 53.Nc7+ Kf7 54.e6+ Kg6 55.Bd6 Bg5 56.e7 Re1 57.Rd1 h3+
58.Kf2  1-0

[Event "Thessaloniki ol (Men)"]
[Site "Thessaloniki"]
[Date "1988.??.??"]
[Round "6"]
[White "Garcia, Gildardo"]
[Black "Ye Jiangchuan"]
[Result "1/2-1/2"]
[WhiteElo "2445"]
[BlackElo "2505"]

1.e4 c5 2.Nf3 d6 3.d4 cxd4 4.Nxd4 Nf6 5.Nc3 e6 6.Be2 Be7 7.O-O Nc6 8.Be3 O-O
9.Qd2 a6 10.Rad1 Bd7 11.f4 b5 12.Bf3 Rc8 13.e5 dxe5 14.Nxc6 Bxc6 15.fxe5 Qxd2
16.Rxd2 Ne8 17.Ne4 Bd5  1/2-1/2

[Event "Thessaloniki ol (Men)"]
[Site "Thessaloniki"]
[Date "1988.??.??"]
[Round "7"]
[White "Ye Jiangchuan"]
[Black "Van der Sterren, Paul"]
[Result "0-1"]
[WhiteElo "2505"]
[BlackElo "2475"]

1.e4 e5 2.Nf3 Nc6 3.Bb5 a6 4.Ba4 Nf6 5.O-O Be7 6.Re1 b5 7.Bb3 d6 8.c3 O-O
9.h3 Nb8 10.d4 Nbd7 11.Nbd2 Bb7 12.Bc2 Re8 13.Nf1 Bf8 14.Ng3 g6 15.a4 c5
16.d5 c4 17.Bg5 h6 18.Be3 Nc5 19.Kh1 Rb8 20.Qd2 h5 21.Ng5 Bh6 22.axb5 axb5
23.f4 h4 24.fxe5 Rxe5 25.Nf3 Bxe3 26.Qxe3 Re8 27.Nxh4 Ng4 28.Qf4 Qxh4 29.Rf1 Nd7
30.Bd1 Nde5 31.Bxg4 Bc8 32.Bxc8 Qxf4 33.Rxf4 Rbxc8 34.Rff1 Nd3 35.Ra7 Rf8
36.Ra2 b4 37.Ra6 Rcd8 38.Ra7 Rb8 39.Rc7 b3 40.Rxc4 Nxb2 41.Rd4 Rfc8 42.Rd2 Nc4
43.Rdf2 b2 44.Rb1 Rb3 45.Nf1 Ra8 46.Nd2 Ra1  0-1